Statistics for Unrecognised Nations #6

Click here to take the quiz!

General Stats

  • This quiz has been taken 37 times
  • The average score is 3 of 10

Answer Stats

Country Situated InStarts withCountry% Correct
CanadaQQuebec
91%
GermanyBBavaria
65%
FranceBBrittany
44%
NetherlandsFFriesland
35%
RussiaKKarelia
29%
JapanRRyukyu Islands
15%
RussiaTTuva
15%
FranceAAigues-Martes
9%
GreeceIIcaria
9%
AntarcticaWWestarctica
9%

Score Distribution

Percentile by Number Answered

Percent of People with Each Score

Your Score History

You have not taken this quiz